Sports Quiz

Random Sports or WWE Quiz

Vince McMahon's WWE PPV Opponents Quiz Stats

 Plays Quiz Updated Jul 5, 2017

Support Sporcle.
Go Orange.
Score 0/23 Timer 05:00
1 Play Today
Event Opponent % Correct
Royal Rumble 1999Steve Austin
95.7%
St. Valentine's Day MassacreSteve Austin
95.7%
King of the Ring 1999Steve Austin
95.6%
Summerslam 2006Triple H
94.6%
Unforgiven 2006Triple H
94.6%
Armageddon 1999Triple H
93.9%
King of the Ring 2000Undertaker
91.5%
Survivor Series 2003Undertaker
91.5%
Summerslam 2006Shawn Michaels
89.4%
Wrestlemania 17Shane McMahon
89%
Backlash 2006Shawn Michaels and God
88.7%
Wrestlemania 22Shawn Michaels
88.6%
Event Opponent % Correct
King of the Ring 2000The Rock
87.7%
Unforgiven 2006Shawn Michaels
87.4%
King of the Ring 2000Kane
83.4%
No Mercy 2003Stephanie McMahon
80.6%
Wrestlemania 19Hulk Hogan
76.2%
Wrestlemania 26Bret Hart
70.2%
Royal Rumble 2002Ric Flair
65.5%
One Night Stand 2007Bobby Lashley
61.1%
Backlash 2007Bobby Lashley
60.7%
Judgement Day 2007Bobby Lashley
60.7%
Vengeance 2003Zach Gowen
33.4%

You're not logged in!

Compare scores with friends on all Sporcle quizzes.
OR
Log In
Forgot?

From the Vault

Deepest Oceans in Order

by lolshortee

Can you withstand the pressure?
Remove Ads.
Support Sporcle.
Get the best of Sporcle when you Go Orange. This ad-free experience offers more features, more stats, and more fun while also helping to support Sporcle. Thank you for becoming a member.

Show Comments

Extras

Top Quizzes Today


Score Distribution

Your Account Isn't Verified!

In order to create a playlist on Sporcle, you need to verify the email address you used during registration. Go to your Sporcle Settings to finish the process.

Report this User

Report this user for behavior that violates our Community Guidelines.

Details: